ÖLÜ CANLAR (Record no. 918449)
[ view plain ]
| 000 -LEADER | |
|---|---|
| sabit uzunluktaki kontrol alanı | 00228nam a2200097Ia 4500 |
| 001 - KONTROL NUMARASI | |
| kontrol alanı | 918449 |
| 005 - EN SON İŞLEMİN TARİH VE ZAMANI | |
| kontrol alanı | 20250826185932.0 |
| 008 - SABİT-UZUNLUKTA VERİ ÖĞELERİ--GENEL BİLGİ | |
| sabit uzunluktaki kontrol alanı | 250824s9999 xx 000 0 und d |
| 245 #0 - ESER / YAZAR | |
| ESER ADI | ÖLÜ CANLAR |
| Yazar Adı | GOGOL |
| 260 ## - YAYIN, DAĞITIM, VB. | |
| YAYIN EVİ | ANONİM YAYINLARI |
| Düşüm durumu | Kayıp durumu | Hasar Durumu | Ödünç verilmez | Ana kütüphane | Geçerli Kütüphane | Edinilen tarih | Toplam ödünç verme sayısı | Barkod | Son görüntüleme tarihi | Son ödünç verme tarihi | Fiyatın geçerli olmaya başladığı tarih | Koha materyal türü |
|---|---|---|---|---|---|---|---|---|---|---|---|---|
| AYŞE- KEMAL İNANÇ ANADOLU İMAM HATİP LİSESİ | AYŞE- KEMAL İNANÇ ANADOLU İMAM HATİP LİSESİ | 24.08.2025 | 1 | 10471766 | 24.03.2026 | 19.12.2025 | 26.08.2025 | Books |